[Event "Challenge"]
[Site "http://www.queenalice.com/game.php?id=108055"]
[Date "2006.9.20"]
[Round "-"]
[White "shawnmathews"]
[Black "craigger"]
[Result "1-0"]
[WhiteElo "1100"]
[BlackElo "1500"]

1. e4 e5 2. f4 d6 3. Bc4 Be6 4. d3 Nc6 5. Nf3 d5 6. Nc3 dxc4 7. Nxe5 cxd3 8.
cxd3 Bb4 9. a3 Bxc3+ 10. bxc3 Qf6 11. Qa4 Ne7 12. Qb5 O-O-O 13. Rb1 b6 14. d4
Bd7 15. Be3 Nxd4 16. Qa6+ Kb8 17. Bxd4 Nc6 18. Nxd7+ Rxd7 19. Bxf6 gxf6 20. O-O
h5 21. a4 Ka8 22. c4 Rd4 23. c5 Nb8 24. Qb5 a6 25. Qb2 bxc5 26. Qc3 Nd7 27. Qb3
c4 28. Qb7# 1-0

[Event "Challenge"]
[Site "http://www.queenalice.com/game.php?id=108838"]
[Date "2006.9.22"]
[Round "-"]
[White "shawnmathews"]
[Black "craigger"]
[Result "0-1"]
[WhiteElo "1100"]
[BlackElo "1500"]

1. e4 d5 2. e5 Nc6 3. d4 f6 4. Bf4 fxe5 5. dxe5 e6 6. Nf3 Be7 7. g3 g5 8. Be3 g4
9. Nd4 Nxe5 10. Bg2 c5 11. Nb5 Bd7 12. N5c3 d4 13. Bf4 dxc3 14. Nxc3 Nc6 15. Be4
Nf6 16. Bd3 Qa5 17. O-O O-O-O 18. Ne4 e5 19. Ng5 Rhf8 20. Nxh7 Nxh7 21. Bxe5 Bf5
22. Bxf5+ Rxf5 23. Qxg4 Rf8 24. Bf4 c4 25. Qh3 Ng5 26. Qg4 Qb6 27. Kg2 Ne6 28.
Rae1 Nxf4+ 29. Kg1 Nd5 30. Qh3 Kb8 31. Qg2 Bc5 32. Kh1 Ne3 33. fxe3 Rxf1+ 34.
Rxf1 Rxf1+ 35. Qxf1 Bxe3 36. h4 a6 37. g4 Nb4 38. g5 Qc6+ 39. Kh2 Qe4 40. Qf8+
Ka7 41. g6 Bf4+ 42. Kg1 Be3+ 43. Kf1 Qh1+ 44. Ke2 Nxc2 45. g7 Qe1+ 46. Kf3 Nd4+
47. Ke4 Bf2+ 48. Kd5 Qe6+ 49. Kc5 b6+ 50. Kb4 a5+ 51. Kc3 Nb5+ 52. Kc2 Qe2+ 53.
Kc1 Be3+ 54. Kb1 Qd1# 0-1

[Event "Challenge"]
[Site "http://www.queenalice.com/game.php?id=109482"]
[Date "2006.9.24"]
[Round "-"]
[White "shawnmathews"]
[Black "craigger"]
[Result "0-1"]
[WhiteElo "1233"]
[BlackElo "1500"]

1. e4 d5 2. d3 Nc6 3. Nc3 Nf6 4. Qf3 Nd4 5. Qd1 dxe4 6. dxe4 e5 7. Nf3 Bg4 8.
Bg5 Bxf3 9. Be2 Bxg2 10. Rg1 Bxe4 11. Bxf6 Qxf6 12. Nxe4 Qf4 13. Ng5 O-O-O 14.
Bh5 g6 15. Bg4+ Kb8 16. c3 Qxh2 17. Nf3 Nxf3+ 18. Ke2 Rxd1 19. Raxd1 Nxg1+ 20.
Ke3 Bc5+ 0-1

[Event "Challenge"]
[Site "http://www.queenalice.com/game.php?id=110242"]
[Date "2006.9.26"]
[Round "-"]
[White "shawnmathews"]
[Black "craigger"]
[Result "0-1"]
[WhiteElo "1192"]
[BlackElo "1515"]

1. e4 e5 2. Bc4 Nf6 3. Nc3 Nc6 4. d3 Bb4 5. Nf3 Bxc3+ 6. bxc3 h6 7. O-O Ng4 8.
Bxf7+ Kxf7 9. Ng5+ hxg5 10. Qf3+ Nf6 11. Bxg5 Qg8 12. a4 Rh5 13. h4 d6 14. d4
Bg4 15. Qe3 Qh7 16. c4 Rh8 17. f3 Rxh4 18. Bxh4 Qxh4 19. c5 Nxd4 20. Rfe1 Nxc2
21. Qb3+ Ke8 22. Qxc2 Bxf3 23. cxd6 Qh1+ 24. Kf2 Qxg2+ 25. Ke3 Qxc2 26. Rac1
Qxe4+ 27. Kf2 Ng4+ 28. Kg3 Qf4# 0-1

[Event "Challenge"]
[Site "http://www.queenalice.com/game.php?id=110933"]
[Date "2006.9.28"]
[Round "-"]
[White "shawnmathews"]
[Black "craigger"]
[Result "1-0"]
[WhiteElo "1185"]
[BlackElo "1523"]

1. d4 d5 2. c4 e6 3. Nf3 dxc4 4. e4 Bb4+ 5. Bd2 Bxd2+ 6. Nbxd2 b5 7. Ne5 Bb7 8.
Qf3 Nf6 9. Qg3 O-O 10. Ndf3 Nxe4 11. Qh3 f6 12. Qxe6+ Kh8 13. Nf7+ Kg8 14. Nxd8+
Kh8 15. Nxb7 Ng5 16. Qe7 Nxf3+ 17. gxf3 Na6 18. Rg1 Rfe8 19. Qe4 Rab8 20. Na5
Rbd8 21. Nc6 Rxe4+ 22. fxe4 Rd6 23. Ne7 Rxd4 24. Rd1 Rxd1+ 25. Kxd1 Nc5 26. Bg2
a5 27. Kc2 b4 28. Rd1 b3+ 29. Kc3 Nd3 30. axb3 g6 31. bxc4 Nxf2 32. Rd8+ Kg7 33.
Rd7 Kh6 34. c5 Nd1+ 35. Rxd1 1-0

[Event "Challenge"]
[Site "http://www.queenalice.com/game.php?id=111412"]
[Date "2006.9.29"]
[Round "-"]
[White "shawnmathews"]
[Black "craigger"]
[Result "1-0"]
[WhiteElo "1259"]
[BlackElo "1455"]

1. d4 Nf6 2. e3 d5 3. c4 Nc6 4. c5 e5 5. Bb5 exd4 6. Qxd4 a6 7. Qe5+ Be6 8.
Bxc6+ bxc6 9. Nf3 Bxc5 10. Qc3 Ne4 11. Qc2 Bf5 12. Nbd2 O-O 13. Nxe4 Bb4+ 14.
Bd2 Bxd2+ 15. Nfxd2 dxe4 16. Qxc6 Rb8 17. Nxe4 Rxb2 18. O-O Rb6 19. Qc4 Bxe4 20.
Qxe4 Re8 21. Qf4 Re7 22. Rfd1 Rd6 23. Rd4 Rxd4 24. Qxd4 Rd7 25. Qa4 Rd2 26. Qxa6
Rd1+ 27. Rxd1 Qxd1+ 28. Qf1 Qa4 29. Qb1 g6 30. h4 Qxh4 31. Qb8+ Kg7 32. Qxc7 Qa4
33. Qc3+ Kg8 34. a3 h5 35. Kh2 Qg4 36. g3 g5 37. Kg2 h4 38. Qe5 h3+ 39. Kh2 Qh5
40. f4 1-0

[Event "Challenge"]
[Site "http://www.queenalice.com/game.php?id=111755"]
[Date "2006.9.30"]
[Round "-"]
[White "shawnmathews"]
[Black "craigger"]
[Result "0-1"]
[WhiteElo "1302"]
[BlackElo "1444"]

1. d4 d5 2. c4 Bf5 3. Nc3 Nf6 4. Bf4 e6 5. Nb5 Bd6 6. Qa4 O-O 7. Bg5 e5 8. Qb3
dxc4 9. Qxc4 Be6 10. Qd3 Na6 11. f4 Bb4+ 12. Nc3 exd4 13. O-O-O dxc3 14. Qg3
cxb2+ 15. Kxb2 Qxd1 16. Bh6 Qd2+ 17. Kb1 Bf5+ 18. e4 Bxe4+ 19. Bd3 Bxd3+ 20. Ka1
Bc3# 0-1

[Event "Challenge"]
[Site "http://www.queenalice.com/game.php?id=112474"]
[Date "2006.10.2"]
[Round "-"]
[White "craigger"]
[Black "shawnmathews"]
[Result "0-1"]
[WhiteElo "1424"]
[BlackElo "1321"]

1. e4 e5 2. Nf3 d6 3. d4 Nc6 4. Bb5 Ne7 5. d5 a6 6. Bxc6+ bxc6 7. dxc6 Nxc6 8.
Qd5 Bb7 9. c3 Nb4 10. Qb3 Nd3+ 11. Kd2 Bxe4 12. Qa4+ c6 13. Qxe4 Nxf2 14. Qxc6+
Ke7 15. Rf1 Ng4 16. h3 Nf6 17. Ke1 Nh5 18. b4 Ng3 19. Rf2 a5 20. a3 axb4 21.
cxb4 Rc8 22. Bg5+ f6 23. Bxf6+ gxf6 24. Qd5 Rc1+ 25. Kd2 Qc8 26. Ra2 Rxb1 27.
Rc2 Bh6+ 28. Kd3 Rd1+ 29. Nd2 Qa6+ 30. b5 Qxa3+ 31. Rc3 e4+ 32. Kd4 Be3+ 33.
Rxe3 Qb4+ 34. Qc4 Rxd2+ 35. Rxd2 Nf5+ 36. Kd5 Nxe3+ 37. Kd4 Nxc4 0-1

[Event "Challenge"]
[Site "http://www.queenalice.com/game.php?id=113160"]
[Date "2006.10.4"]
[Round "-"]
[White "jefferson"]
[Black "craigger"]
[Result "0-1"]
[WhiteElo "1343"]
[BlackElo "1467"]

1. e4 e5 2. Nc3 Bb4 3. Nd5 Nc6 4. c3 Bc5 5. Qg4 g6 6. Nf3 d6 7. Qg3 Be6 8. Ng5
Qd7 9. Qf3 O-O-O 10. b4 Bb6 11. b5 Nce7 12. Nxb6+ cxb6 13. c4 h6 14. Qa3 hxg5
15. Qxa7 Kc7 16. a4 Nc8 17. Qa8 Nf6 18. a5 bxa5 19. Rxa5 Nb6 20. Qa7 Ra8 21. c5
Rxa7 22. cxb6+ Kxb6 23. Ra3 Rxa3 24. Bxa3 Nxe4 25. Bd3 Bf5 26. O-O Ra8 27. Bb4
Nxd2 28. Be2 Nxf1 29. Kxf1 Ra1+ 30. Be1 Bc2 31. f3 Ba4 32. g3 Bxb5 33. Kf2 Bxe2
34. Kxe2 Kb5 35. Bd2 Kc4 36. Bxg5 Ra2+ 37. Ke3 Qf5 38. h4 Qd3# 0-1

[Event "Challenge"]
[Site "http://www.queenalice.com/game.php?id=113167"]
[Date "2006.10.4"]
[Round "-"]
[White "shawnmathews"]
[Black "craigger"]
[Result "1-0"]
[WhiteElo "1285"]
[BlackElo "1462"]

1. e4 e5 2. Nf3 Nc6 3. Bc4 Bc5 4. O-O h6 5. Nc3 d6 6. d4 exd4 7. Nb5 Bg4 8. c3
dxc3 9. Qd5 Be6 10. Qd3 d5 11. Qxc3 d4 12. Qd3 Bg4 13. Bf4 Bxf3 14. Nxc7+ Kf8
15. Nxa8 Bxg2 16. Kxg2 Qh4 17. Qf3 g5 18. Bd6+ Nce7 19. Qxf7# 1-0

[Event "Challenge"]
[Site "http://www.queenalice.com/game.php?id=116211"]
[Date "2006.10.12"]
[Round "-"]
[White "shawnmathews"]
[Black "craigger"]
[Result "0-1"]
[WhiteElo "1359"]
[BlackElo "1392"]

1. d4 Nf6 2. e3 d5 3. Nc3 b6 4. Nf3 Nc6 5. Bb5 Qd6 6. Bxc6+ Qxc6 7. Ne5 Qb7 8.
Nb5 c6 9. Nc3 Qc7 10. Nf3 Ba6 11. e4 dxe4 12. Ng5 e5 13. Ncxe4 O-O-O 14. Nxf7
Qxf7 15. Ng5 Qg6 16. c3 h6 17. Ne6 Qxg2 18. Kd2 Qxf2+ 19. Qe2 Qxe2# 0-1

[Event "Challenge"]
[Site "http://www.queenalice.com/game.php?id=118755"]
[Date "2006.10.19"]
[Round "-"]
[White "shawnmathews"]
[Black "craigger"]
[Result "0-1"]
[WhiteElo "1355"]
[BlackElo "1414"]

1. d4 Nf6 2. Nf3 d5 3. e4 dxe4 4. Ne5 e6 5. Nc3 Bd6 6. Bf4 Bxe5 7. Bxe5 Nc6 8.
Nb5 Nd5 9. Bc4 a6 10. Nc3 f6 11. Bg3 b5 12. Bxd5 exd5 13. O-O h5 14. f3 h4 15.
Bf4 g5 16. Bd2 f5 17. a4 b4 18. Nb1 g4 19. fxe4 dxe4 20. c3 a5 21. Bf4 h3 22. g3
O-O 23. d5 Ne7 24. c4 Re8 25. d6 cxd6 26. Bxd6 Qb6+ 27. c5 Qc6 28. Nd2 e3 29.
Nc4 Qg2# 0-1

[Event "Challenge"]
[Site "http://www.queenalice.com/game.php?id=119903"]
[Date "2006.10.22"]
[Round "-"]
[White "craigger"]
[Black "shawnmathews"]
[Result "1-0"]
[WhiteElo "1433"]
[BlackElo "1367"]

1. e4 g6 2. Nf3 Bg7 3. e5 b6 4. d4 Bb7 5. Nc3 f6 6. Bc4 d5 7. Bb3 Na6 8. Qe2 Nb4
9. exf6 Nxf6 10. Qb5+ Nc6 11. Bg5 O-O 12. Bxf6 Bxf6 13. Bxd5+ Kg7 14. Bxc6 a6
15. Qc4 Qd6 16. Bxb7 Rad8 17. Ne2 b5 18. Qd3 Qb4+ 19. Qc3 c5 20. a3 cxd4 21.
Qxb4 Rb8 22. Bxa6 1-0

[Event "Challenge"]
[Site "http://www.queenalice.com/game.php?id=120259"]
[Date "2006.10.23"]
[Round "-"]
[White "craigger"]
[Black "shawnmathews"]
[Result "1-0"]
[WhiteElo "1450"]
[BlackElo "1348"]

1. e4 Nc6 2. d4 d5 3. e5 e6 4. Bb5 a6 5. Bxc6+ bxc6 6. Nh3 c5 7. c3 c6 8. Bg5
Be7 9. Bxe7 Qxe7 10. Qf3 cxd4 11. cxd4 Rb8 12. O-O Nh6 13. Qc3 Bd7 14. Nd2 f6
15. f4 f5 16. Ng5 Ng4 17. h3 h6 18. Ngf3 Qb4 19. Qxb4 Rxb4 20. hxg4 fxg4 21. Nh4
Rxb2 22. Nb3 O-O 23. Nc5 Bc8 24. Rfd1 g3 25. a4 Rxf4 26. Ng6 Rf7 27. Ra3 Kh7 28.
Rxg3 h5 29. Nd3 Ra2 30. Ndf4 h4 31. Rh3 Rxf4 32. Nxf4 g5 33. Nh5 Kg6 34. Nf6
Rxa4 35. Rf3 g4 36. Nxg4 Kg5 37. Nf6 a5 38. Rd2 Ba6 39. Nh7+ Kg4 40. Nf6+ Kg5
41. Rh3 Ra1+ 42. Kh2 Bc4 43. Rf2 Ra2 44. Nh7+ Kg4 45. Rf6 Bf1 46. Rg6+ Kh5 47.
Rg5+ Kh6 48. Rxh4# 1-0

[Event "Challenge"]
[Site "http://www.queenalice.com/game.php?id=121029"]
[Date "2006.10.24"]
[Round "-"]
[White "craigger"]
[Black "shawnmathews"]
[Result "1-0"]
[WhiteElo "1452"]
[BlackElo "1353"]

1. e4 e5 2. Nf3 Nc6 3. Bb5 Nf6 4. Nc3 Ng4 5. Bxc6 Bc5 6. Bxd7+ Qxd7 7. Rf1 Bxf2+
8. Rxf2 Nxf2 9. Kxf2 b6 10. Nxe5 Qd4+ 11. Ke1 Qxe5 12. g3 Ba6 13. d3 Qf6 14. Bf4
c5 15. Nd5 Qxb2 16. Nc7+ Ke7 17. Nxa6 Qd4 18. Kf1 h5 19. Nc7 h4 20. Nd5+ Kf8 21.
Rb1 c4 22. Bd6+ Kg8 23. Ne7+ Kf8 24. Nf5+ Qxd6 25. Nxd6 hxg3 26. Qf3 Ke7 27.
Nf5+ Ke6 28. Nxg7+ Ke5 29. Qxg3+ Kd4 30. Nf5+ Kc3 31. Qe5+ Kxc2 32. Qb2+ Kxd3
33. Qd4+ Kc2 34. Rb2+ Kc1 35. Qd2# 1-0

[Event "Challenge"]
[Site "http://www.queenalice.com/game.php?id=124411"]
[Date "2006.11.1"]
[Round "-"]
[White "craigger"]
[Black "shawnmathews"]
[Result "1-0"]
[WhiteElo "1465"]
[BlackElo "1377"]

1. e4 Nc6 2. d4 Nf6 3. e5 Ne4 4. Bd3 d5 5. c4 Nb4 6. Qa4+ Nc6 7. cxd5 Qxd5 8.
Bb5 Nc5 9. Bxc6+ bxc6 10. Qb4 Qxg2 11. Qxc5 Qxh1 12. Kf1 Bh3+ 13. Ke2 e6 14. Qc4
Qe4+ 15. Be3 Rb8 16. Nd2 Qg4+ 17. Ngf3 f5 18. Qxc6+ Kd8 19. Rc1 Rc8 20. Qxe6 f4
21. Qd5+ Qd7 22. Qxd7+ Bxd7 23. Bxf4 Bg4 24. e6 h6 25. d5 Bd6 26. Be3 Bxh2 27.
Bxa7 Ra8 28. Nf1 Bf4 29. Rc4 Rf8 30. Bc5 Rxa2 31. e7+ Kc8 32. exf8=Q+ Kb7 33.
Rb4+ Ka6 34. Qa8# 1-0

[Event "Challenge"]
[Site "http://www.queenalice.com/game.php?id=126202"]
[Date "2006.11.7"]
[Round "-"]
[White "shawnmathews"]
[Black "craigger"]
[Result "1-0"]
[WhiteElo "1378"]
[BlackElo "1477"]

1. e4 d5 2. e5 d4 3. Nf3 Nc6 4. Bc4 Bg4 5. O-O Bxf3 6. Qxf3 Nxe5 7. Qb3 b6 8.
Qb5+ Qd7 9. Qxe5 Nf6 10. f3 e6 11. c3 Bd6 12. Qg5 dxc3 13. Nxc3 Bc5+ 14. Kh1 h6
15. Qg3 g5 16. Bb5 c6 17. Qe5 Be7 18. Ba4 O-O 19. f4 Ng4 20. b3 Nxe5 21. fxe5 b5
22. Bxb5 cxb5 23. h3 Qd4 24. Bb2 Qxd2 25. Nd1 Rfd8 26. Bc3 Qe2 27. Re1 Qh5 28.
Ba5 Rd3 29. Nf2 Rd2 30. Bxd2 Bc5 31. Ne4 Bd4 32. Nf6+ Kg7 33. Nxh5+ 1-0

[Event "Challenge"]
[Site "http://www.queenalice.com/game.php?id=128762"]
[Date "2006.11.13"]
[Round "-"]
[White "shawnmathews"]
[Black "craigger"]
[Result "0-1"]
[WhiteElo "1510"]
[BlackElo "1468"]

1. d4 d5 2. c4 dxc4 3. Qa4+ Nc6 4. Nf3 Be6 5. Qb5 b6 6. Qxc6+ Bd7 7. Qxc4 Nf6 8.
Ne5 e6 9. Bf4 b5 10. Qc2 Bd6 11. e3 c6 12. Nxc6 Qc7 13. Bxb5 Rb8 14. Na3 Bxf4
15. exf4 Rc8 16. Qa4 Qb7 17. Ne5 Rc7 18. O-O O-O 19. Nac4 Bxb5 20. Nd6 Bxa4 21.
Nxb7 Rxb7 22. b3 Bb5 23. a4 Bxf1 24. Kxf1 Rxb3 25. Nc6 a6 26. g3 Nd5 27. Na5 Rb2
28. Nc4 Rc2 29. Ne5 Rb8 30. Nd7 Rbb2 31. Nc5 Rxf2+ 32. Kg1 Rg2+ 33. Kh1 Rxh2+
34. Kg1 Rbg2+ 35. Kf1 Ne3+ 36. Ke1 Rh1# 0-1